| 000 | 00811nam a22002177a 4500 | ||
|---|---|---|---|
| 999 |
_c16358 _d16358 |
||
| 003 | AR-CdUCM | ||
| 008 | 190503b ||||| |||| 00| 0 spa d | ||
| 040 |
_aMUNICIPALIDAD PROVINCIAL DEL CUSCO _cBIBLIOTECA MUNICIPAL DEL CUSCO |
||
| 041 | _hfre | ||
| 082 |
_a149 / _bL47 |
||
| 100 |
_aLepp, Ignace _935754 |
||
| 245 | _aLa existencia auténtica / | ||
| 260 |
_aBuenos Aires : _bCarlos Lohlé, _c1963. |
||
| 300 |
_a208 páginas ; _c22 cm. |
||
| 505 | _aContenido: Ese extraño ser que se llama hombre -- La vocación personal del hombre -- Nunca nos bañamos dos veces en el mismo rió -- Libertad bienamada -- Por mi culpa... | ||
| 650 |
_aFilosofía _9395 |
||
| 650 |
_aExistencia autentica _935755 |
||
| 700 |
_aGómez, Alicia B. (traductora) _935756 |
||
| 942 |
_2ddc _cLIBROS |
||
| 945 |
_aacv _d2019-05-03 |
||